東京35区 - Statistics

General Stats
  • This quiz has been taken 170 times
  • The average score is 20 of 35
Answer Stats
Answer % Correct
品川
81%
渋谷
80%
江戸川
80%
目黒
79%
足立
78%
世田谷
75%
葛飾
75%
杉並
73%
板橋
73%
中野
70%
豊島
70%
蒲田
69%
大森
67%
荒川
66%
神田
64%
浅草
64%
日本橋
62%
麹町
56%
赤坂
54%
王子
54%
49%
四谷
49%
本所
47%
京橋
46%
麻布
46%
淀橋
46%
深川
43%
小石川
42%
牛込
41%
本郷
41%
滝野川
39%
荏原
35%
下谷
31%
向島
28%
城東
26%
No matching quizzes found
Score Distribution
Percent of People with Each Score
Percentile by Number Answered
Your Score History
You have not taken this quiz